000
00250nam a2200109Ia 4500
008
190216s9999||||xx |||||||||||||| ||und||
100
_a
Vasudevan Nair M T
245
0
_a
Manju
260
_b
Poorna Pubs Kozhikode
_c
1995
650
_a
Novel
942
_c
BK
999
_c
26501
_d
26501